01305cam a2200361 a 4500999001900000001000900019003000500028005001700033008004100050010001700091020003000108020003000138035002400168040006000192042000900252050002400261082001500285100001900300245003800319250001200357260003600369300002100405500003000426500002900456520018200485650002200667650004200689650001300731655002500744906004500769942001200814952011700826 c174641d17464115430824Nust20170205141237.0080827s2009 nyu d 000 1 eng  a 2008034420 a9780007267194(trade bdg,) a9780061214721 (lib. bdg.) a(OCoLC)ocn253632769 aDLCcDLCdIG#dBTCTAdOCOdUPZdWL8dBNYdXY4dEHHdDLC alcac00aPZ7.M34788bFr 200900a813.6bMAR1 aMarr, Melissa.10aFragile eternity /cMelissa Marr. a1st ed. aNew York :bBowen Press,c2009. a389 p. ;c22 cm. aSequel to: Wicked lovely. aSequel: Radiant shadows. aAislinn and Seth struggle with the unforeseen consequences of Aislinn's transformation from mortal girl to faery queen as the world teeters on the brink of cataclysmic violence. 1aFairiesvFiction. 1aKings, queens, rulers, etc.vFiction. 1aFantasy. 0aYoung adult fiction. a7bcbccorignewd1eecipf20gy-gencatlg 2ddccBK 00102ddc40708FICaCLbCLcFICd2017-02-05l5m3o813.6 MARpCL451r2024-12-09s2024-11-16t1w2017-02-05yBK